Process analysis by statistical methods /
Guardado en:
| Autor Principal: | |
|---|---|
| Formato: | Libro |
| Idioma: | English |
| Publicado: |
New York :
Wiley,
c1970.
|
| Materias: | |
| Etiquetas: |
Agregar Etiqueta
Sin Etiquetas, Sea el primero en etiquetar este registro!
|
| LEADER | 00824nam a22002295a 4500 | ||
|---|---|---|---|
| 001 | EIQ.libpla002072 | ||
| 008 | 700421s1970####nyu######b####001#0#eng#d | ||
| 005 | 20070409192531.0 | ||
| 245 | 1 | 0 | |a Process analysis by statistical methods / |c [by] David M. Himmelblau. |
| 260 | |a New York : |b Wiley, |c c1970. | ||
| 300 | |a xi, 463 p. ; |c 28 cm. | ||
| 504 | |a Incluye referencias bibliográficas. | ||
| 020 | |a 047139985X | ||
| 100 | 1 | |a Himmelblau, David Mautner, |d 1923- | |
| 082 | 0 | 0 | |a 660/.284/01519 |
| 650 | 4 | |a Ingeniería química |x Métodos estadísticos. | |
| 650 | 4 | |a Procesos químicos |x Modelos matemáticos. | |
| 650 | 0 | |a Chemical processes |x Mathematical models. | |
| 650 | 0 | |a Chemical engineering |x Statistical methods. | |
| 010 | |a 73089684 | ||
| 040 | |a DLC |c DLC |d AR-BbSID | ||
| 859 | |a AR-BbSID |b BIB. PLAPIQUI |h 660.281 |i H 576 |p 992 | ||
